000
00234nam a22000857a 4500
008
160819b xxu||||| |||| 00| 0 eng d
100
_9
177
_a
Srivastava N
245
_a
Together with Art-6
260
_a
New Delhi
_b
Rachna Sagar publication
_c
2007
999
_c
2835
_d
2835